00988nam a22002417a 4500999001700000003000900017008004100026040007100067082001900138100002400157245005900181260003600240300002600276440004400302505014900346650002100495650002600516650002500542700004300567942001600610945002100626952009900647 c18976d18976AR-CdUCM190516b ||||| |||| 00| 0 spa d aMUNICIPALIDAD PROVINCIAL DEL CUSCOcBIBLIOTECA MUNICIPAL DEL CUSCO a320.8 / bH 21 aFitch, John Andrews aResponsabilidades sociales de los sindicatos obreros / aBuenos Aires : bAgora,c[1959] a267 paginas ;c21 cm. aColección hombres y problemas 939956 aContenido Concepto de responsabilidad social -- La naturaleza esencial del sindicalismo -- Antecedentes históricos -- Objetivos sindicales ... aSindicatos92512 aEtica cristina939957 aEstados Unidos91805 aMarino, Mario A. (Traducción)937875 2ddccLIBROS awntsd2019-05-16 002ddc4070aSHbSHcCARTd2019-05-16g45.00o320.8 / H 21pSH0000013824r2019-05-16yLIBROS